Practical French for English-Speaking students: (a guide to French pronunciation)

Saved in:
Bibliographic Details
Main Author: ADEKUNLE, J . A
Format: Book
Language:English
Published: Moonrace Pub. 2007
Tags: Add Tag
No Tags, Be the first to tag this record!

MARC

LEADER 00000nam a22000007a 4500
008 230427b |||||||| |||| 00| 0 eng d
020 |a 9783712934 
100 |a ADEKUNLE, J . A 
245 |a Practical French for English-Speaking students:  |b (a guide to French pronunciation)  |c / by J . A . Adekunle 
260 |b Moonrace Pub.  |c 2007  |d Book  |h Badagry  |i 691455 - V.1  |l PC2137.Ad3  |m French language - Pronunciation  |m French language - Pronunciation - Handbooks, manuals, etc  |m French language - Pronunciation by foreign speakers - Handbooks, manuals, etc 
500 |a "Accompanied with a CD" 
942 |a lcc  |c BK  |e A. R . Akinniyi  |f 27:4:23 
952 |0 0  |1 0  |2 lcc  |4 0  |6 PC2137 A D3  |7 0  |9 4215  |a HOL  |b HOL  |c LP  |d 2023-04-27  |l 0  |o PC2137.Ad3  |p 2023-0145  |r 2023-04-27 00:00:00  |t 691455 - V.1  |w 2023-04-27  |y BK  |z 'Accompanied with a CD' 
999 |c 2112  |d 2112